Logo BPK

Biblioteka

Politechniki Koszalińskiej

Historia gospodarcza Polski Ludowej 1944-1985 / (Rekord nr 28692)

Szczegóły MARC
000 -ETYKIETA REKORDU
podpole kontrolne o stałej długości 00419nam a2200157 i 4500
001 - NUMER KONTROLNY REKORDU
pole kontrolne bg
040 ## - ŹRÓDŁO KATALOGOWANIA
Instytucja, która utworzyła rekord BPK
041 ## - KOD JĘZYKA
Kod języka tekstu pol
008 - POLE O STAŁEJ DŁUGOŚCI - DANE KONTROLNE
podpole kontrolne o stałej długości s pl f |000 0 pol
100 1# - NAZWA OSOBOWA
Nazwa osobowa Jezierski, Andrzej
Daty związane z nazwą (1930-2002).
245 #0 - TYTUŁ/ODPOWIEDZIALNOŚĆ
Tytuł Historia gospodarcza Polski Ludowej 1944-1985 /
Pozostałe elementy strefy tytułu i oznaczenia odpowiedzialności Andrzej Jezierski, Barbara Petz.
250 ## - STREFA WYDANIA
Oznaczenie wydania Wyd.3 zm.
260 ## - STREFA ADRESU WYDAWNICZEGO
Miejsce wydania Warszawa,
Data publikacji, dystrybucji/powstania dokumentu 1988.
700 1# - HASŁO DODATKOWE - NAZWA OSOBOWA
Nazwa osobowa Petz, Barbara.
856 ## - LOKALIZACJA I DOSTĘP DO ELEKTRONICZNYCH DOKUMENTÓW ZDALNYCH
Link (URL) http://koha.tu.koszalin.pl/cgi-bin/koha/opac-detail.pl?biblionumber=28692
Tekst linku Katalog online BPK
942 ## - DODATKOWE ELEMENTY (KOHA)
Typ dokumentu Książka
Egzemplarze
Wycofany Status egzemplarza Uszkodzony Dostępność Lokalizacja stała Lokalizacja bieżąca Numer ubytku Sygnatura Kod kreskowy Typ dokumentu Miejsce przechowywania
  Egz. niedostępny   Niedostępny Biblioteka Politechniki Koszalińskiej Biblioteka Politechniki Koszalińskiej 12535 34579 01103878 Książka  
      Dostępny Biblioteka Politechniki Koszalińskiej Biblioteka Politechniki Koszalińskiej   34578 02133973 Książka Wypożyczalnia BG
© 2023 Biblioteka Politechniki Koszalińskiej :: KOHA